000 00232nam a2200109 4500
001 3565
090 _a3565
100 _a20190723b u||y0fre||u0ba y50
200 _aLa Servette
_bPériodique
210 _aGenève
801 _aCH
_bCH-002049-8
955 _rpas daté